| 000 | 00805 a2200265 4500 | ||
|---|---|---|---|
| 003 | CBULib | ||
| 005 | 20250729104101.0 | ||
| 008 | 241101b |||||||| |||| 00| 0 eng d | ||
| 020 | _a9781409443148 | ||
| 040 |
_bEnglish _cCBULib _erda |
||
| 041 | _aeng | ||
| 050 | _aNA 1465.3 Arc | ||
| 100 | _aFraser, Murray | ||
| 245 |
_aArchitecture and globalisation in the Persian gulf region _c/ edited by Murray Fraser and Nasser Golzari |
||
| 260 |
_bAshgate, _c2013 _aSurrey : |
||
| 300 | _axxxiii, 419 pages : illustrations | ||
| 336 |
_2rdacontent _aText | _btxt |
||
| 337 |
_2rdamedia _aUnmediated | _bn |
||
| 338 |
_2rdacarrier _aVolume _bnc |
||
| 650 | 0 |
_93646 _aARCHITECTURE |
|
| 650 | 0 |
_9884 _aGLOBALIZATION |
|
| 650 | 0 |
_93933 _aMIDDLE EAST |
|
| 700 |
_93934 _aGolzari, Nasser |
||
| 942 |
_2lcc _c002 |
||
| 999 |
_c85733 _d85733 |
||